Представление документа в формате RUSMARC

Поле Инд. ПП Название Значение
Тип записи a
Библиографический уровень a
001 Контрольный номер aa797b27cc0546519ee0b34eabd012af
005 Дата корректировки 20190314154843.9
100 a Данные общей обработки 20190314 ||| 0rusy0189 ca
101 0_ a Язык текста rus
102 a Страна публикации RU
200 1_ f Первые сведения об ответственности Е.М. Офман
a Заглавие Расторжение трудового договора по соглашению сторон или по инициативе работника в случае аннулирования работником ранее принятого решения
b Общее обозначение материала Текст
210 1_ d Дата издания 2019
461 _0 1 2000
a Вопросы трудового права
463 _0 1 2000
a № 1
v С. 16-23
1 2101
d 2019
1 0011ab5f61bf7254cad9604d2774de519fe
606 a Основная рубрика Трудовое право
610 0_ a Ключевые слова РГУП
a Ключевые слова ТРУДОВОЙ ДОГОВОР
a Ключевые слова УВОЛЬНЕНИЕ
700 _1 a Фамилия Офман
b Имя Е.М.
801 _0 a Страна RU
b Организация РГУП
c Дата составления 20190314
g Правила каталогизации PSBO
801 _1 a Страна RU
b Организация РГУП
c Дата составления 20190314
g Правила каталогизации PSBO
901 t Тип документа b
w Контрольный № источника 1ab5f61bf7254cad9604d2774de519fe
905 a Дата ввода 20190314